000 00485nam a2200193Ia 4500
008 151119s9999||||xx |||||||||||||| ||und||
082 _a28.5
082 _bGKKV30267
100 _aVERNON THOMAS
245 _aMORE STORIES FROM THE ARABIAN NIGHTS
260 _a--
260 _b--
260 _c0
600 _aVERNON THOMAS
630 _aMORE STORIES FROM THE ARABIAN NIGHTS
700 _aVERNON THOMAS
730 _aMORE STORIES FROM THE ARABIAN NIGHTS
942 _cBOOK
999 _c1082604
_d1082601